MARC

LEADER 00000nas a2200000 a 4500
001 ssj0000825528
003 WaSeSS
005 20200512172242.0
006 m d
007 cr n
008 111221c20129999ncuar s | a0eng
010 |a  2011273643 
022 |a 2165-1809  |y 1063-0724 
035 |a (WaSeSS)ssj0000825528 
037 |b ECU Mailstop, 555 English, Greenville, NC 27858-4353 
040 |a DLC  |b eng  |c DLC  |d DLC  |d OCLCQ  |d OCLCF  |d NCS  |d OCLCO  |d OCLCQ  |d OCLCA  |d CUS  |d VT2  |d WaSeSS 
042 |a pcc  |a nsdp 
043 |a n-us-nc 
050 0 0 |a PS266.N8 
082 1 0 |a 810.9/9756/05  |2 14 
222 0 |a North Carolina literary review online 
245 0 0 |a North Carolina literary review online  |h [electronic resource]. 
246 1 |a NCLR Online 
260 |a Greenville, NC :  |b East Coast Carolina University  |b North Carolina Literary and Historical Association 
310 |a Annual 
362 1 |a Began with: No. 21 (2012). 
506 |a License restrictions may limit access. 
580 |a Supplement to: North Carolina literary review. 
588 |a Description based on: No. 21 (2012); title from cover image (NCLR. ECU.edu, viewed Aug. 9, 2012). 
588 |a Latest issue consulted: No. 21 (2012) (viewed Aug. 9, 2012). 
650 0 |a American literature  |z North Carolina  |x History and criticism  |v Periodicals. 
650 0 |a American literature  |z North Carolina  |v Periodicals. 
650 7 |a American literature.  |2 fast  |0 (OCoLC)fst00807113 
650 7 |a Civilization.  |2 fast  |0 (OCoLC)fst00862898 
651 0 |a North Carolina  |x Civilization  |v Periodicals. 
651 7 |a North Carolina.  |2 fast  |0 (OCoLC)fst01204304 
655 0 |a Electronic journals. 
710 2 |a East Carolina University. 
710 2 |a North Carolina Literary and Historical Association. 
772 0 |t North Carolina literary review  |x 1063-0724  |w (DLC) 93648928  |w (OCoLC)25850956 
850 |a DLC 
856 4 0 |z Full text available from Research Library: 01/01/2015 to present  |u https://search.proquest.com/publication/2045922